000 00377nam a2200157Ia 4500
003 OSt
005 20230525153004.0
008 211028s2018 xx 000 0 und d
040 _cAIMIT LIBRARY
041 _aeng
100 _aMestha, Sandesh; Ruban, S.
_98802
_e161931
110 _aRuban S
_98803
245 _aDoctor app.
260 _aMangaluru
_c2018
942 _2ddc
_cPRO
999 _c220070
_d220070